Cessioni più costose - Porto - Statistics

Statistiche generali
  • Questo quiz è stato fatto 10 volte
  • Il punteggio medio è 15 su 20
Statistiche sulle risposte
Costo (M €) A Nazione Anno Calciatore % Corretto
40 Zenti San Pietroburgo Brasile 2012 Hulk
100%
47 Liverpool Colombia 2022 Luis Fernando Díaz
100%
40 Ateltico Madrid Colombia 2011 Radamel Falcao
100%
28 Juventus Brasile 2015 Alex Sandro
90%
38 Milan Portogallo 2017 André Silva
90%
50 Real Madrid Brasile 2019 Éder Militão
90%
35 Atletico Madrid Colombia 2015 Jackson Martinez
90%
45 Monaco Colombia 2013 James Rodriguez
90%
35 Arsenal Portogallo 2022 Fábio Vieira
80%
41,50 Paris Saint-Germain Portogallo 2022 Vitinha
80%
31,50 Manchester United Brasile 2007 Anderson
70%
31,50 Real Madrid Brasile 2015 Danilo
70%
45 Manchester City Francia 2014 Eliaquim Mangala
70%
24,60 Inter Portogallo 2008 Ricardo Quaresma
70%
25 Monaco Portogallo 2013 João Moutinho
60%
30 Real Madrid Portogallo 2007 Pepe
60%
30 Chelsea Portogallo 2004 Ricardo Carvalho
60%
40 Wolverhampton Portofallo 2020 Fábio Silva
50%
24 Olympique Lione Argentina 2009 Lisandro López
30%
24,25 Stoke City Francia/Repubblica Democratica del Congo 2016 Giannelli Imbula
10%
Nessun quiz corrispondente trovato
Distribuzione punteggi
Percentuale di utenti per punteggio
Percentile per numero di risposta
I tuoi punteggi nel tempo
Non hai fatto questo quiz